| 000 | 00615nam a2200181Ia 4500 | ||
|---|---|---|---|
| 001 | 11387 | ||
| 003 | GE_BSU | ||
| 008 | 181216s||||||||xx |||||||||||||| ||und|| | ||
| 040 | _cGE_BSU | ||
| 080 | _a63 | ||
| 100 | _aმიჩურინი ივანე ვლადიმერის ძე, | ||
| 245 | _aრჩეული თხზულებანი | ||
| 245 | _cრედ: ფ. მამფორია თარგმ. დ. აგლაძე | ||
| 300 | _a849გვ.24სმ. | ||
| 300 | _e1ფ. პორტრ. ილ. | ||
| 653 | _aრჩეული თხზულებანი | ||
| 942 | _cBK | ||
| 999 |
_c44584 _d44584 |
||